000 01157nam0a2200313 4500
001 RU\NLR\BIBL_A\011533748
005 20260406153808.0
010 _a9785171052652
_93000
021 _aRU
_b2017-82307
_95877
035 _a(RuMoRGB)009440571
035 _a(NLR Aleph) 011533748
090 _a12157619
_c12157619
100 _a20171121d2017 u y0rusy50 ca
101 1 _arus
_ceng
102 _aRU
105 _aa z 000ay
200 1 _aВластелин Колец
_e[трилогия]
_fДжон Р. Р. Толкин
_gв переводе В. А. М.
210 _aМосква
_cАСТ
_d2017
215 _a1404, [3] с.
_cил.
_d22
225 1 _aСерия "Толкин: разные переводы"
327 1 _aСодерж.: Содружество кольца; Две твердыни; Возвращение короля
333 _a12+
686 _aШ5(4Вл)62-644.5
_2rubbk
686 1 _aШ6(4Вл)67-445{Лх1299-62}
700 1 _4070
_8rus
_7ca
_aТолкин
_bД. Р. Р.
_f1892-1973
_gДжон Роналд Руэл
_3RU\NLR\auth\776532
_9116484
942 _cBOOK
980 _aNBR